| 000 | 00968nam a22002777a 4500 | ||
|---|---|---|---|
| 001 | 9968 | ||
| 003 | FISKH | ||
| 005 | 20260320084730.0 | ||
| 008 | 260320b cb ||||| |||| 00| 0 eng d | ||
| 020 | _a9780545137706 | ||
| 040 |
_aFISKH _beng _cFISKH _dFISKH |
||
| 050 | _aPZ7 .M478415 .E | ||
| 082 | _a306.362092 | ||
| 100 |
_aMcCully, Emily Arnold _eAuthor |
||
| 245 |
_aThe escape of Oney Judge : _bMartha Washington's slave finds freedom / _cEmily Arnold McCully |
||
| 260 |
_aNew York : _bScholastic Inc. , _c2007 |
||
| 300 |
_a32 pages : _bcolor illustrations ; _c28 cm |
||
| 505 | _aR | ||
| 520 | _aYoung Oney Judge risks everything to escape a life of slavery in the household of George and Martha Washington and to make her own way as a free black woman. | ||
| 521 | 8 |
_a770
_bLexile |
|
| 521 | 8 |
_aR
_bRaz-Plus |
|
| 650 |
_aAmerican history _vMartha Washington |
||
| 650 |
_aPicture book _vBrown people |
||
| 942 |
_2ddc _cBK _n0 |
||
| 999 |
_c9968 _d9968 |
||